| 000 | 00655nam a2200205 a 4500 | ||
|---|---|---|---|
| 001 | BRCA_2921 | ||
| 005 | 20190320204029.0 | ||
| 008 | 121208s1905----cl a---###---#000-0#spa-u | ||
| 050 | 4 |
_aBX1740 _b.M43 1905 |
|
| 100 | 1 |
_aMedina, José Toribio _d1852-1930 _946 |
|
| 245 | 1 | 0 |
_aHistoria del tribunal del Santo oficio de la inquisición en México _cpor José Toribio Medina. |
| 260 |
_aSantiago de Chile _bImp. Elzeviriana _c1905 |
||
| 300 |
_aviii, 574 p. _bil. _c26 cm. |
||
| 500 | _aDedicado a Don Porfirio Díaz. | ||
| 500 | _aIncluye índice alfabético. | ||
| 500 | _aB51 | ||
| 650 | 1 | 4 |
_aInquisición _zMéxico _98130 |
| 902 | _aGFM | ||
| 942 |
_2lcc _cB |
||
| 999 |
_c2660 _d2660 |
||